Name the crime show by pictures - Statistics

General Stats
  • This quiz has been taken 11 times
  • The average score is 22 of 61
Answer Stats
Hint Answer % Correct
Dexter
100%
Castle
88%
Criminal minds
75%
CSI
75%
Hawaii five o
75%
NCIS
75%
Sherlock
75%
The Sopranos
75%
Bones
63%
Csi Miami
63%
FBI
50%
How to get away with murder
50%
Killing Eve
50%
Lucifer
50%
Monk
50%
Quantico
50%
Rizzoli & Isles
50%
SWAT
50%
The Rookie
50%
The X-files
50%
24
38%
Agents of shield
38%
Elementary
38%
Forever
38%
Hannibal
38%
iZombie
38%
Law & order
38%
Mentalist
38%
NCIS Los Angeles
38%
Tracker
38%
True detective
38%
Blacklist
25%
Blindspot
25%
Broadchurch
25%
Bull
25%
Covert Affairs
25%
CSI NY
25%
Ghost Whisperer
25%
High Potential
25%
Magnum PI
25%
Manifest
25%
Medium
25%
NCIS Tony & Ziva
25%
Person of interest
25%
Rosewood
25%
Scarpetta
25%
Scorpion
25%
The Fall
25%
Body of proof
13%
Countdown
13%
Criminal minds beyond borders
13%
MacGyver
13%
Numb3rs
13%
The Blackllist Redemption
13%
Unforgettable
13%
Alert MPU
0%
Harrow
0%
Intelligence
0%
Reef break
0%
Stumptown
0%
Whiskey Cavalier
0%
No matching quizzes found
Score Distribution
Percent of People with Each Score
Percentile by Number Answered
Your Score History
You have not taken this quiz